100 Largest Islands on the World Map - Statistics

General Stats
  • This quiz has been taken 762 times
    520 since last reset
  • The average score is 48 of 100
Answers on the Map
Answers color-coded by a green-red scale on the quiz's map according to % correct below.
 
Answer Stats
Area (km²) Answer % Correct
101,826 Iceland
98%
209,331 Great Britain
97%
2,130,800 Greenland
97%
84,421 Ireland
97%
587,041 Madagascar
96%
65,268 Sri Lanka
96%
105,806 Cuba
95%
9,251 Cyprus
94%
25,711 Sicily
94%
65,022 Tasmania
94%
748,168 Borneo
93%
145,836 South Island
92%
8,350 Crete
91%
11,190 Jamaica
91%
138,794 Java
91%
111,583 North Island
91%
34,507 Taiwan
91%
23,949 Sardinia
90%
8,741 Corsica
89%
785,753 New Guinea
88%
73,929 Hispaniola
87%
77,982 Hokkaidō
86%
108,860 Newfoundland
86%
443,065 Sumatra
86%
227,938 Honshū
85%
9,200 Puerto Rico
85%
10,434 Hawaiʻi
80%
180,681 Sulawesi
79%
507,451 Baffin Island
78%
109,965 Luzon
77%
31,285 Vancouver Island
75%
33,210 Hainan
73%
28,418 Timor
72%
72,493 Sakhalin
71%
217,291 Victoria Island
71%
97,530 Mindanao
70%
7,031 Zealand
68%
16,648 Grande Terre (New Caledonia)
64%
36,782 Kyūshū
64%
196,236 Ellesmere Island
63%
18,296 Shikoku
55%
47,922 Isla Grande de Tierra del Fuego
49%
12,189 Palawan
48%
70,028 Banks Island
47%
14,154 Flores
41%
13,075 Negros
39%
9,318 Bougainville Island
38%
35,145 New Britain
38%
7,040 East Falkland
36%
9,311 Kodiak Island
36%
55,247 Devon Island
34%
7,405 New Ireland
34%
38,981 Spitsbergen
34%
47,079 Severny Island
30%
10,711 Sumba
30%
10,311 Cape Breton Island
29%
7,941 Anticosti Island
27%
7,368 Leyte
27%
10,572 Mindoro
27%
10,531 Viti Levu
27%
6,617 Grande Terre (Kerguelen)
26%
14,386 Sumbawa
26%
11,413 Bangka
25%
18,040 Halmahera
25%
40,100 Marajó
25%
12,011 Panay
25%
33,339 | 6,675 Prince of Wales Island
25%
7,866 Wrangel Island
25%
33,246 Yuzhny Island
23%
8,478 Chiloé Island
22%
12,849 Samar
22%
17,454 Seram
22%
41,214 Southampton Island
22%
14,204 October Revolution Island
21%
24,786 Somerset Island
20%
43,178 Axel Heiberg Island
19%
42,149 Melville Island
19%
11,206 Bolshevik Island
18%
9,521 Prince Charles Island
18%
49,070 Alexander Island
17%
8,473 Buru
17%
8,612 Disko Island
17%
13,111 King William Island
17%
20,000 Bananal
16%
16,042 Bathurst Island
16%
14,467 Nordaustlandet
16%
15,848 Prince Patrick Island
16%
6,995 Cornwallis Island
14%
11,742 Yos Sudarso
14%
11,067 Bylot Island
13%
8,812 Komsomolets Island
13%
24,000 Kotelny Island
13%
43,873 Berkner Island
12%
11,295 Ellef Ringnes Island
12%
15,700 Thurston Island
10%
7,910 Roosevelt Island
9%
8,500 Carney Island
8%
7,700 Tupinambarana (West)
8%
7,929 Bahr al Jabal Island
3%
No matching quizzes found
Score Distribution
Percent of People with Each Score
Percentile by Number Answered
Your Score History
You have not taken this quiz since the last reset